Skoki Narciarskie- zwycięzcy Turnieju Nordyckiego - Statystyki

Ogólne statystyki
  • Ten quiz został rozwiązany 118 razy
    107 od ostatniego zresetowania
  • Średni wynik to 9 z 14
Statystyki odpowiedzi
Hint Odpowiedź % Poprawnych
2001 Adam Małysz
99%
2003 Adam Małysz
99%
2007 Adam Małysz
99%
2010 Simon Ammann
88%
2008 Gregor Schlierenzauer
79%
2009 Gregor Schlierenzauer
79%
2006 Thomas Morgenstern
78%
2000 Sven Hannawald
64%
1997 Kazuyoshi Funaki
63%
1999 Noriaki Kasai
60%
2002 Matti Hautamaeki
41%
2005 Matti Hautamaeki
41%
1998 Andreas Widhoelzl
22%
2004 Roar Ljoekelsoey
20%
Nie znaleziono quizów pasujących do podanych kryteriów
Rozkład punktacji
Procent ludzi z każdym wynikiem
Percentyl według liczby udzielonych odpowiedzi
Twoja historia wyników
Nie rozwiązałeś tego quizu od ostatniego zresetowania